header

The Story Of Paul Bunyan (Record no. 262412)

MARC details
000 -LEADER
fixed length control field 00220nam a22000977a 4500
020 ## - INTERNATIONAL STANDARD BOOK NUMBER
ISBN 0138507848
100 ## - MAIN ENTRY--AUTHOR NAME
Personal name Barbara Emberley
245 ## - TITLE STATEMENT
Title The Story Of Paul Bunyan
260 ## - PUBLICATION, DISTRIBUTION, ETC. (IMPRINT)
Place of publication U.S.A
Name of publisher Prentice Hall
Year of publication 1963
942 ## - ADDED ENTRY ELEMENTS (KOHA)
Koha item type Long Loan Books
Holdings
Withdrawn status Lost status Collection code Home library Current library Shelving location Date acquired Accession Number Koha item type
    Fiction Rongo University Library Rongo University Library Children's Area 17/01/2024 CL2021814 Long Loan Books

© 2026 Rongo University
Contact us: librarian | system librarian | Rongo university